Η μάνα η ζωή της επαναστάτισας Πελαγίας Βλάσοβα απ' το Τβέρ
Αποθηκεύτηκε σε:
| Κύριος συγγραφέας: | |
|---|---|
| Άλλοι συγγραφείς: | |
| Μορφή: | Βιβλίο |
| Γλώσσα: | Greek German |
| Δημοσίευση: |
Αθήνα :
Πλανήτης,
[197-?]
|
| Θέματα: | |
| Ετικέτες: |
Προσθήκη ετικέτας
Δεν υπάρχουν, Καταχωρήστε ετικέτα πρώτοι!
|
MARC
| LEADER | 00000cam a2200000 i 4500 | ||
|---|---|---|---|
| 001 | 1/28429 | ||
| 008 | 060426m19691970gr | ||| |||| ||gre|| | ||
| 035 | |l 10083651 | ||
| 040 | |a GR-MyUa |b gre |e AACR2 | ||
| 041 | 1 | |a gre |h ger | |
| 082 | 7 | |a 832.912 |2 (22) | |
| 100 | 1 | |a Brecht, Bertolt, |d 1898-1956. | |
| 245 | 1 | 2 | |a Η μάνα η ζωή της επαναστάτισας Πελαγίας Βλάσοβα απ' το Τβέρ / |c Μπερτολτ Μπρέχτ ; μετάφραση: Κ. Παλαιολόγου. |
| 260 | |a Αθήνα : |b Πλανήτης, |c [197-?] | ||
| 300 | |a 128 σ. ; |c 21 εκ. | ||
| 500 | |a Με: Ο άντρας είναι άντρας / Brecht Bertolt. - Οι μέρες της κομμούνας / Brecht Bertolt . - Τρόμος και αθλιότητα του τρίτου ράϊχ / Brecht Bertolt . - Ο καλός άνθρωπος του Σετσουάν /Brecht Bertolt | ||
| 500 | |a Τίτλος πρωτοτύπου: Die Mutter Leben der revolutionarin Pelagia Wlassowa aus Twer. | ||
| 650 | 0 | |a German drama |y 20th century. | |
| 700 | 1 | |a Παλαιολόγος, Κωνσταντίνος, |e trl | |
| 852 | |a INST |b RHODES |c KRI |e 20060426 |h 832.912 BRE |p 005400030778 |q 005400030778 |t BK |y 0 | ||
| 901 | |a BIBL4-2006-1 | ||
| 970 | |a Σιδερή |b Νεκταρία |z 2006/04/26 | ||